<?xml version="1.0" encoding="UTF-8"?>
<record
    xmlns:xsi="http://www.w3.org/2001/XMLSchema-instance"
    xsi:schemaLocation="http://www.loc.gov/MARC21/slim http://www.loc.gov/standards/marcxml/schema/MARC21slim.xsd"
    xmlns="http://www.loc.gov/MARC21/slim">

  <leader>08379nam a2200673Ii 4500</leader>
  <controlfield tag="001">DIGPOLIF0016</controlfield>
  <controlfield tag="003">NyNyDIG</controlfield>
  <controlfield tag="006">m     o  d        </controlfield>
  <controlfield tag="007">cr |||||||||||</controlfield>
  <controlfield tag="008">131001s2009    sp a    ob    100 0 spa d</controlfield>
  <datafield tag="020" ind1=" " ind2=" ">
    <subfield code="z">9788400088545 (obra completa: C.S.I.C.: pbk.)</subfield>
  </datafield>
  <datafield tag="020" ind1=" " ind2=" ">
    <subfield code="z">8400088549 (obra completa: C.S.I.C.: pbk.)</subfield>
  </datafield>
  <datafield tag="020" ind1=" " ind2=" ">
    <subfield code="z">9788496813250 (obra completa: Ediciones Polifemo: pbk.)</subfield>
  </datafield>
  <datafield tag="020" ind1=" " ind2=" ">
    <subfield code="z">8496813258 (obra completa: Ediciones Polifemo: pbk.)</subfield>
  </datafield>
  <datafield tag="020" ind1=" " ind2=" ">
    <subfield code="z">9788496813267 (v. 1 : Ediciones Polifemo: pbk.)</subfield>
  </datafield>
  <datafield tag="020" ind1=" " ind2=" ">
    <subfield code="z">8496813266 (v. 1 : Ediciones Polifemo: pbk.)</subfield>
  </datafield>
  <datafield tag="020" ind1=" " ind2=" ">
    <subfield code="z">9788400088552 (v. 1 : C.S.I.C.: pbk.)</subfield>
  </datafield>
  <datafield tag="020" ind1=" " ind2=" ">
    <subfield code="z">8400088557 (v. 1 : C.S.I.C.: pbk.)</subfield>
  </datafield>
  <datafield tag="035" ind1=" " ind2=" ">
    <subfield code="a">(OCoLC)888273591</subfield>
  </datafield>
  <datafield tag="040" ind1=" " ind2=" ">
    <subfield code="a">DGITA</subfield>
    <subfield code="b">eng</subfield>
    <subfield code="e">pn</subfield>
    <subfield code="c">DGITA</subfield>
  </datafield>
  <datafield tag="041" ind1=" " ind2=" ">
    <subfield code="a">spa</subfield>
    <subfield code="a">eng</subfield>
    <subfield code="a">fre</subfield>
    <subfield code="a">ger</subfield>
  </datafield>
  <datafield tag="050" ind1="1" ind2="4">
    <subfield code="a">DG59.A2 eBook</subfield>
  </datafield>
  <datafield tag="111" ind1="2" ind2=" ">
    <subfield code="a">International Congress of Roman Frontier Studies</subfield>
    <subfield code="n">(20th :</subfield>
    <subfield code="d">2006 :</subfield>
    <subfield code="c">Le&#xF3;n, Spain)</subfield>
  </datafield>
  <datafield tag="245" ind1="1" ind2="0">
    <subfield code="a">Limes XX </subfield>
    <subfield code="n">vol. I /</subfield>
    <subfield code="c">XX Congreso Internacional de Estudios sobre la Frontera Romana, XXth International Congress of Roman Frontier Studies : Le&#xF3;n (Espa&#xF1;a), septiembre, 2006 ; &#xC1;ngel Morillo, Norbert Hanel, Esperanza Mart&#xED;n, eds.</subfield>
  </datafield>
  <datafield tag="246" ind1="3" ind2=" ">
    <subfield code="a">Limes 20</subfield>
  </datafield>
  <datafield tag="246" ind1="3" ind2=" ">
    <subfield code="a">Limes veinte</subfield>
  </datafield>
  <datafield tag="246" ind1="0" ind2=" ">
    <subfield code="i">Subtitle from cover:</subfield>
    <subfield code="a">Estudios sobre la frontera romana</subfield>
  </datafield>
  <datafield tag="246" ind1="0" ind2=" ">
    <subfield code="i">Parallel subtitle from cover:</subfield>
    <subfield code="a">Roman frontier studies</subfield>
  </datafield>
  <datafield tag="264" ind1=" " ind2="1">
    <subfield code="a">Madrid :</subfield>
    <subfield code="b">Ediciones Polifemo :</subfield>
    <subfield code="b">Consejo Superior de Investigaciones Cient&#xED;ficas, Instituto Hist&#xF3;rico Hoffmeyer, Instituto de Arqueolog&#xED;a de Merida,</subfield>
    <subfield code="c">2009.</subfield>
  </datafield>
  <datafield tag="300" ind1=" " ind2=" ">
    <subfield code="a">1 online resource (1 vol. (xiv. 561 pages)):</subfield>
    <subfield code="b">ill., maps </subfield>
  </datafield>
  <datafield tag="336" ind1=" " ind2=" ">
    <subfield code="a">text</subfield>
    <subfield code="b">txt</subfield>
    <subfield code="2">rdacontent</subfield>
  </datafield>
  <datafield tag="337" ind1=" " ind2=" ">
    <subfield code="a">computer</subfield>
    <subfield code="b">c</subfield>
    <subfield code="2">rdamedia</subfield>
  </datafield>
  <datafield tag="338" ind1=" " ind2=" ">
    <subfield code="a">online resource</subfield>
    <subfield code="b">cr</subfield>
    <subfield code="2">rdacarrier</subfield>
  </datafield>
  <datafield tag="490" ind1="1" ind2=" ">
    <subfield code="a">Anejos de Gladius ;</subfield>
    <subfield code="v">13.1.</subfield>
  </datafield>
  <datafield tag="500" ind1=" " ind2=" ">
    <subfield code="a">"Congreso celebrado bajo la presidencia de honor de su Majestad el Rey de Espa&#xF1;a y con el apoyo de la Universidad de Le&#xF3;n."</subfield>
  </datafield>
  <datafield tag="505" ind1="0" ind2=" ">
    <subfield code="a">Presentaci&#xF3;n -- Vivian Swan, in Memoriam / David J. Breeze -- XX Congreso Internacional de Estudios sobre la Frontera Romana / &#xC1;ngel Morillo Cerd&#xE1;n -- XXth International congress of roman frontiers studies / &#xC1;ngel Morillo Cerd&#xE1;n -- Comit&#xE9; cient&#xED;fico y organizador --Members of organizing committee -- Instituciones colaboradoras -- Institutions &amp; Sponsors -- Programa: comunicaciones por secciones --Program: papers in the different sessions -- Listado de participantes -- Aswan and the river Nile: frontier and highway / Valerie A. Maxfield -- Pre hadrianic forts and frontiers in Britain / David J. Breeze &amp; Nick Hodgson -- El territorio militar en la epigraf&#xED;a de la hispania romoana: los termini pratorum / Carolina Cort&#xE9;s B&#xE1;rcena -- The Roman expansion into yorkshire reonsidered / Pete Wilson -- Life on the borders reflected by rabbinical sources / Mordechai Gichon -- Interior limes in late roman istria (Croatia) / Vesna Girardi Jurkic -- Roman settlements in istria serving as late roman border / Kristina Dzin -- Diocleciano y la frontera nubia: pol&#xED;tica, ej&#xE9;rcito y religi&#xF3;n / Jos&#xE9; Ram&#xF3;n Aja S&#xE1;nchez -- Qasr Al-Hallabat (Jordan): Transformation of a limes arabicus fort into a monastic and palatine complex / Ignacio Arce -- Hadrian's wall and the collapse of roman frontiers / Rob Collins -- Mitteleuropa als wirtschaftspartner des imperium romanum / Grzegorz Domanski -- De foederati a regnum. Visigodos y ostrogodos en los inicios de la construcci&#xF3;n del regnum gothorum en Hispania / Santiago Castellanos -- A late roman fort-but one built for foederati? / Andrew G. Poulter -- The augustean spanish experience the origin of limes system / &#xC1;ngel Morillo Cerd&#xE1;n -- Baecula, an archeological anaysis of the location of a battle of the second punic war / Juan P. Bell&#xF3;n, Francisco G&#xF3;mez, Arturo Ruiz, Manuel Molinos, Alberto S&#xE1;nchez, Luis Guti&#xE9;rrez, Carmen Rueda,Laura Wi&#xF1;a, Ma. Antonia Garc&#xED;a, Ana I Mart&#xED;nez, Carmen Ortega, Gema Lozano &amp; Rosa Fern&#xE1;ndez -- Le campament romano-r&#xE9;publicain du "Pedrosillo" (Casa de Reina, Badajoz, Espagne) &#xC0; L'&#xE9;preuve des sondages: premiers r&#xE9;sultats de la campagne 2006 / Jean-Gerard Gorges, &#xC1;ngel Morillo, Germ&#xE1;n Rodr&#xED;guez &amp; Esperanza Mart&#xED;n -- Deportation of indigenous population as a strategy for roman dominion in Hispania / Francisco Pina Polo -- El trazado de la circunvalaci&#xF3;n de Numancia: pasado y presente de la investigaci&#xF3;n / Fernando Morales Hern&#xE1;ndez -- Zur Akkulturation deswetens der iberischen halbinsel am beginn der r&#xF6;mischen kaiserzeit: das beispiel des monte da nora (Terrugem, Portugal) / Felix Teichner &amp; Thomas Schierl -- </subfield>
  </datafield>
  <datafield tag="505" ind1="0" ind2=" ">
    <subfield code="a">El santo de Valdetorres (Badajoz, Espa&#xF1;a). Un nuevo enclave militar romano en la l&#xED;nea del guadiana / Francisco Javier Heras Mora -- Los campamentos romanos en el curso inferior del R&#xED;o Ebro durante la Segunda Guerra P&#xFA;nica / Jaume Noguera Guill&#xE9;n -- Pugio hispaniensis between Celtiberia and Rome. Current research and analysis of the construction of the sheaths / Eduardo Kavanagh de Prado &amp; Fernando Quesada Sanz -- The military control of the mining territory of eastern Sierra Morena / Luis Ma. Guti&#xE9;rrez Soler, Juan Pedro Bell&#xF3;n Ruiz &amp; Carmen Rueda Gal&#xE1;n -- Campamentos romanos de campa&#xF1;a en el extremo oriental del Cant&#xE1;brico / Antxoka Mart&#xED;nez Velasco -- Estratigraf&#xED;a e interpretaci&#xF3;n dle contexto militar de asturica agusta, Astorga (Le&#xF3;n) / Rosario Su&#xE1;rez Vega &amp; Milagros Bur&#xF3;n &#xC1;lvarez -- The roman camps at Le&#xF3;n (Spain): state of the research and new approaches / &#xC1;ngel Morillo Cerd&#xE1;n &amp; Victorino Garc&#xED;a Marcos -- Materiales y t&#xE9;cnicas de construcci&#xF3;n en petavonium / Santiago Carretero Vaquero &amp; Mar&#xED;a Victoria Romero Carnicero -- Moneda partida en los campamentos romanos del norte de Hispania / Cruces Bl&#xE1;zquez Cerrato -- Evoluci&#xF3;n y cronolog&#xED;a de las armaduras segmentadas romanas (loricae segmentae), basada en los hallazgos hisp&#xE1;nicos / Joaqu&#xED;n Aurrecoechea Fern&#xE1;ndez -- Zeugen caesars schwerster schlacht? beschriftete andalusische schleuderbleie aus der zeit des zweiten punischen krieges und der kampagne von munda / Mart&#xED;n Gr&#xFC;newald &amp; Alexandra Richter -- Un f&#xED;bula tipo aucissa con sello precedente de Pompeio-Pamplona / Romana Eriche Lacabe &amp; Mercedes Unzu Urmeneta -- Los principia del campamento romano de aquae querquennae (Portouquintela, Ourense, Espa&#xF1;a). Excavaciones arqueol&#xF3;gicas de los a&#xF1;os 2003-2005 / Tom&#xE1;s Vega Avelaira, Santiago Ferrer Sierra &amp; Antoonio Rodr&#xED;guez Colmenero -- El equipo militar tardorromano en Hispania: identificaci&#xF3;n y an&#xE1;lisis espacial / Joaqu&#xED;n Aurrecoechea Fern&#xE1;ndez -- La cer&#xE1;mica de imitaci&#xF3;n de engobe rojo pompeayano en los yacimientos militares romanos peninsulares. Un estado de la cuesti&#xF3;n / Ma. Lourdes Gir&#xF3;n Anguiozar &amp; Jos&#xE9; Manuel Costa Garc&#xED;a -- A new cavalryman (eques) from augusta emerita (M&#xE9;rida, Spain) / Jonathan Edmondson -- Los asentamientos civiles en los campamentos hispanos durante el alto imperio / Juan Jos&#xE9; Palao Vicente -- Die r&#xF6;mischen miliarlager bei renieblas, prov. Soria. Stand der erforschung und zukunftige perspektiven / Martin Luik -- El Pas de l'Ase (Asc&#xF3;-Vinebre-Garcia). &#xBF;Un l&#xED;mite territorial de &#xE9;poca ibero-romana en el curso final del Ebro? / Margarida Genera i Monells.</subfield>
  </datafield>
  <datafield tag="504" ind1=" " ind2=" ">
    <subfield code="a">Includes bibliographical references.</subfield>
  </datafield>
  <datafield tag="546" ind1=" " ind2=" ">
    <subfield code="a">Conference papers in English, French, German and Spanish.</subfield>
  </datafield>
  <datafield tag="650" ind1=" " ind2="0">
    <subfield code="a">Limes (Roman boundary)</subfield>
    <subfield code="v">Congresses.</subfield>
  </datafield>
  <datafield tag="650" ind1=" " ind2="0">
    <subfield code="a">Roman provinces</subfield>
    <subfield code="x">Administration</subfield>
    <subfield code="x">History</subfield>
    <subfield code="v">Congresses.</subfield>
  </datafield>
  <datafield tag="650" ind1=" " ind2="0">
    <subfield code="a">Excavations (Archaeology)</subfield>
    <subfield code="z">Rome</subfield>
    <subfield code="v">Congresses.</subfield>
  </datafield>
  <datafield tag="650" ind1=" " ind2="0">
    <subfield code="a">Roman provinces</subfield>
    <subfield code="x">Administration</subfield>
    <subfield code="x">History</subfield>
    <subfield code="v">Congresses.</subfield>
  </datafield>
  <datafield tag="651" ind1=" " ind2="0">
    <subfield code="a">Rome</subfield>
    <subfield code="x">Boundaries</subfield>
    <subfield code="v">Congresses.</subfield>
  </datafield>
  <datafield tag="651" ind1=" " ind2="0">
    <subfield code="a">Rome</subfield>
    <subfield code="x">History, Military</subfield>
    <subfield code="y">30 B.C.-476 A.D.</subfield>
    <subfield code="v">Congresses.</subfield>
  </datafield>
  <datafield tag="651" ind1=" " ind2="0">
    <subfield code="a">Rome</subfield>
    <subfield code="x">Military antiquities</subfield>
    <subfield code="v">Congresses.</subfield>
  </datafield>
  <datafield tag="651" ind1=" " ind2="0">
    <subfield code="a">Rome</subfield>
    <subfield code="x">History, Military</subfield>
    <subfield code="y">30 B.C.-476 A.D.</subfield>
    <subfield code="v">Congresses.</subfield>
  </datafield>
  <datafield tag="651" ind1=" " ind2="0">
    <subfield code="a">Rome</subfield>
    <subfield code="x">Colonies</subfield>
    <subfield code="x">Administration</subfield>
    <subfield code="x">History</subfield>
    <subfield code="v">Congresses.</subfield>
  </datafield>
  <datafield tag="655" ind1=" " ind2="0">
    <subfield code="a">Electronic books.</subfield>
  </datafield>
  <datafield tag="700" ind1="1" ind2=" ">
    <subfield code="a">Morillo Cerd&#xE1;n, Angel,</subfield>
    <subfield code="d">1964-.</subfield>
  </datafield>
  <datafield tag="700" ind1="1" ind2=" ">
    <subfield code="a">Hanel, Norbert.</subfield>
  </datafield>
  <datafield tag="700" ind1="1" ind2=" ">
    <subfield code="a">Mart&#xED;n, Esperanza.</subfield>
  </datafield>
  <datafield tag="791" ind1="2" ind2=" ">
    <subfield code="a">Digitalia (Firm),</subfield>
    <subfield code="e">distributor.</subfield>
  </datafield>
  <datafield tag="830" ind1=" " ind2="0">
    <subfield code="a">Anejos de Gladius ;</subfield>
    <subfield code="v">13.1.</subfield>
  </datafield>
  <datafield tag="793" ind1="0" ind2=" ">
    <subfield code="g">Digitalia eBook Collection:</subfield>
    <subfield code="a">Ediciones Polifemo.</subfield>
  </datafield>
  <datafield tag="856" ind1="4" ind2="0">
    <subfield code="3">Digitalia Hisp&#xE1;nica</subfield>
    <subfield code="u">https://www.digitaliapublishing.com/a/18916/</subfield>
  </datafield>
  <datafield tag="910" ind1=" " ind2=" ">
    <subfield code="a">Premium Collection: 2007-2012</subfield>
  </datafield>
  <datafield tag="942" ind1=" " ind2=" ">
    <subfield code="c">RAA</subfield>
  </datafield>
  <datafield tag="952" ind1=" " ind2=" ">
    <subfield code="0">0</subfield>
    <subfield code="1">0</subfield>
    <subfield code="4">0</subfield>
    <subfield code="7">0</subfield>
    <subfield code="8">DEH</subfield>
    <subfield code="a">BD-UIN</subfield>
    <subfield code="b">BD-UIN</subfield>
    <subfield code="d">2025-04-25</subfield>
    <subfield code="l">0</subfield>
    <subfield code="r">2025-04-25</subfield>
    <subfield code="w">2025-04-25</subfield>
    <subfield code="y">RAA</subfield>
  </datafield>
  <datafield tag="999" ind1=" " ind2=" ">
    <subfield code="c">236148</subfield>
    <subfield code="d">236148</subfield>
  </datafield>
</record>
